El libro de los engaños / (Record no. 92567)

MARC details
000 -LEADER
campo de control de longitud fija 00582nam a2200193 i 4500
001 - NÚMERO DE CONTROL
campo de control 92567
003 - IDENTIFICADOR DE NÚMERO DE CONTROL
campo de control ES-MaACL
005 - FECHA Y HORA DE LA ÚLTIMA TRANSACCIÓN
campo de control 20230906181012.0
007 - CAMPO FIJO DE DESCRIPCIÓN FÍSICA--INFORMACIÓN GENERAL
campo de control de longitud fija t|
008 - DATOS DE LONGITUD FIJA--INFORMACIÓN GENERAL
campo de control de longitud fija 050316s1959 sp f |||| | spa d
245 03 - MENCIÓN DEL TÍTULO
Título El libro de los engaños /
Mención de responsabilidad, etc. edición de John Esten Keller.
260 ## - PUBLICACIÓN, DISTRIBUCIÓN, ETC.
Lugar de publicación, distribución, etc. [Valencia] :
Nombre del editor, distribuidor, etc. Castalia,
Fecha de publicación, distribución, etc. 1959.
300 ## - DESCRIPCIÓN FÍSICA
Extensión XVII, 87 p., [1] h. de lám. ;
Dimensiones 23 cm.
490 1# - MENCIÓN DE SERIE
Mención de serie Textos antiguos españoles ;
Designación de volumen o secuencia 1
700 1# - ENTRADA AGREGADA--NOMBRE PERSONAL
Nombre de persona Keller, John E.
9 (RLIN) 67768
830 0# - PUNTO DE ACCESO ADICIONAL DE SERIE-TÍTULO UNIFORME
Título uniforme Textos antiguos españoles ;
Designación de volumen o secuencia 1
9 (RLIN) 232043
852 ## - LOCALIZACIÓN
Ubicación ES-MaACL
Número de control de estantería C-19163
Holdings
Estatus retirado Estado de pérdida Estado de daño No para préstamo Biblioteca de origen Biblioteca actual Ubicación en estantería Fecha de adquisición Fuente de adquisición Total de préstamos Signatura topográfica completa Código de barras Visto por última vez Precio de reemplazo Tipo de ítem Koha
        Biblioteca del Ateneo de Madrid Biblioteca del Ateneo de Madrid Galería 17/01/2008     C-19163 1096639 23/02/2023 23/02/2023 Libro impreso